000 00418cam a2200169ua 4500
020 _c3.80
041 _amal
_h
082 _a928.9122
_bHAS/BA
100 _aHasari Prasad, .
245 _aBanabattante atmakatha /
_cHasariprasad.
_hTextual Documents
260 _aThrissur :
_bThe Mangalodayam Pvt Ltd ,
_c1956.
300 _a380 ; .
365 _a3.80
504 _a
942 _cBK
999 _c4956
_d4956